000 00545cam a22002051 4500
001 sg 46000159
003 DLC
005 20260227112749.0
008 820608s1945 pau 000 0 eng
010 _asg 46000159
035 _a(OCoLC)29154273
040 _aDLC
_cMnU-B
_dOCoLC
_dDLC
042 _apremarc
050 0 0 _aRC601
_b.C2
100 1 _aCampbell, John Duval,
_d1904-
245 1 0 _aEveryday psychiatry,
260 _aPhiladelphia, [etc.]
_bJ.B. Lippincott company
_c[1945]
300 _axiv, 333 p.
_c24 cm.
650 0 _aPsychiatry.
999 _c90772
_d90772